01143nam a2200253Ia 450000500170000000800410001702000180005804000180007604100080009408200210010210000310012324500810015425000120023526000490024730000280029665000440032465000400036865000490040865000380045794200280049599900190052395201730054295201740071520240808095009.0210716s2011 xx 000 0 und d a9788125942641 cAIMIT LIBRARY aeng a005.13311 bPANG aPanigrahi, Goutam.9175680 aObject oriented programming with c++ /cBy Goutam Panigrahi and Anirban Das. a1st ed. aNew Delhi :bVikas Publishing House ,c2011. axiv,249p. ;bPBc24 cm. aC++ language control statements9175681 aInheritance and reusability9175682 aVirtual function and dynamic binding9175683 aStandard template library9175684 2ddccBKk005.13311 PANG c191810d191810 00102ddc40708MCAaAIMITbAIMITeBharath Book Markg195.00iBillno:CR4264;Billdt:2011-11-04l0o005.13311 PANGpMCA11317r2025-07-21 00:00:00v146.25w2021-07-16yBK 00102ddc40708MCAaAIMITbAIMITeBharath Book Markg195.00iBillno:CR4264; Billdt:2011-11-04l0o005.13311 PANGpMCA11318r2025-07-21 00:00:00v146.25w2021-07-16yBK